000 00665nam a22001937a 4500
005 20180507101858.0
010 _aENG-122892
020 _a9789385926389
_c400.00
035 _aEN-106424
037 _bDBAD/PUB.
082 _a338.6420954
245 _aProceedings of the national seminar on labour rights, duties and corporate growth /
_ced. by K.S. Lakshmi....(et....all)
260 _aNew Delhi
_bAllied Publishers Private
_c2017
270 _a1/13-14 Asaf Ali Road ,
_bNew Delhi
_e110002
300 _axx, 82p.
_c24cm (pbk)
_bill.
500 _aIt include author index
700 _aLakshmi, K.S.
942 _2ddc
_cEN
_h338.6420954
_mPRO
999 _c151895
_d151895